000 00222 a2200097 4500
001 37968
100 _aGabriel A Y
245 _aGabriel's Islamic bomb
260 _aLahore
_bProgressive Pub
_c1991
090 _c24147
_d24147
942 _aNUST-CAE
_cM
_c15722
999 _c273041
_d273041